[Event "GER-ch Net Amateur Gr-B Vor3"]
[Site "Playchess.com INT"]
[Date "2020.04.16"]
[Round "4"]
[White "Wilke, Joerg"]
[Black "Fuerderer, Herbert"]
[Result "0-1"]
[WhiteElo "1467"]
[BlackElo "1526"]
[PlyCount "68"]
[EventDate "2020.04.16"]
[EventType "swiss (blitz)"]
[EventRounds "9"]
[EventCountry "GER"]
[SourceTitle "CBM 195 Extra"]
[Source "ChessBase"]
[SourceDate "2020.05.31"]
[SourceVersion "1"]
[SourceVersionDate "2020.05.31"]
[SourceQuality "1"]

1. d4 d5 2. c4 e6 3. Nc3 Nf6 4. Bg5 Be7 5. e3 c6 6. Nf3 Nbd7 7. Be2 dxc4 8. Bxc4 Nd5 9. Bxe7 Qxe7 10. 0-0 0-0 11. e4 Nxc3 12. bxc3 c5 13. d5 exd5 14. exd5 Nf6 15. Re1 Qd6 16. Qb3 a6 17. a4 Bg4 18. Re3 b5 19. axb5 axb5 20. Rxa8 Rxa8 21. Bxb5 Bxf3 22. Rxf3 Ne4 23. Qd1 Qb6 24. c4 Ra2 25. Qe1 Nd6 26. Re3 g6 27. g3 Nxb5 28. Re8+ Kg7 29. Qe5+ Kh6 30. Qf4+ Kg7 31. Qe5+ Kh6 32. cxb5 c4 33. d6 Qxf2+ 34. Kh1 Qxh2# 0-1

[Event "GER-ch Net Amateur Gr-B Vor2"]
[Site "Playchess.com INT"]
[Date "2020.04.15"]
[Round "2"]
[White "Alber, Jens Markus"]
[Black "Fuerderer, Herbert"]
[Result "0-1"]
[WhiteElo "1658"]
[BlackElo "1565"]
[PlyCount "56"]
[EventDate "2020.04.15"]
[EventType "swiss (blitz)"]
[EventRounds "9"]
[EventCountry "GER"]
[SourceTitle "CBM 196 Extra"]
[Source "ChessBase"]
[SourceDate "2020.07.31"]
[SourceVersion "1"]
[SourceVersionDate "2020.07.31"]
[SourceQuality "1"]

1. d4 Nf6 2. Nf3 d5 3. b3 Bf5 4. Bb2 e6 5. g3 c5 6. Bg2 Nc6 7. 0-0 Be7 8. e3 0-0 9. Nh4 Bg6 10. Nxg6 fxg6 11. c4 dxc4 12. bxc4 cxd4 13. exd4 Rc8 14. Bh3 Rc7 15. Bxe6+ Kh8 16. d5 Na5 17. d6 Qxd6 18. Qxd6 Bxd6 19. Nd2 Bc5 20. Nb3 Nxb3 21. axb3 a6 22. Rad1 Ne4 23. Bd4 Bxd4 24. Rxd4 Nc3 25. Re4 Nxe4 26. Bd5 Nc3 27. Rc1 Ne2+ 28. Kg2 Nxc1 0-1

[Event "GER-ch Net Amateur Gr-B Vor2"]
[Site "Playchess.com INT"]
[Date "2020.04.15"]
[Round "7"]
[White "Fuerderer, Herbert"]
[Black "Lenz, Thomas1111"]
[Result "1/2-1/2"]
[WhiteElo "1555"]
[BlackElo "1450"]
[PlyCount "86"]
[EventDate "2020.04.15"]
[EventType "swiss (blitz)"]
[EventRounds "9"]
[EventCountry "GER"]
[SourceTitle "CBM 196 Extra"]
[Source "ChessBase"]
[SourceDate "2020.07.31"]
[SourceVersion "1"]
[SourceVersionDate "2020.07.31"]
[SourceQuality "1"]

1. e4 d6 2. d4 Nf6 3. Nc3 g6 4. Nf3 Bg4 5. Be2 Bxf3 6. Bxf3 c6 7. 0-0 Bg7 8. h3 0-0 9. Bg5 Nbd7 10. Re1 e5 11. d5 cxd5 12. Nxd5 Rc8 13. c3 h6 14. Be3 b6 15. Qd2 Kh7 16. Rad1 Nc5 17. Bxc5 dxc5 18. Nxf6+ Bxf6 19. Qc2 Qc7 20. Rd5 Rcd8 21. Red1 Rxd5 22. Rxd5 Rd8 23. Qd2 Kg7 24. g4 Rxd5 25. Qxd5 Qd8 26. Kg2 Qxd5 27. exd5 Bg5 28. c4 f5 29. gxf5 gxf5 30. b3 e4 31. Be2 Bf4 32. Kf1 Kg6 33. Ke1 Kg5 34. Kf1 Kh4 35. Kg2 Be5 36. f3 e3 37. Bd3 f4 38. Bf5 Kg5 39. Be6 Bd6 40. Kf1 Be5 41. Ke2 Kh4 42. Kd3 Kg3 43. Ke2 Bd6 1/2-1/2

[Event "GER-ch Net Amateur Gr-B Vor2"]
[Site "Playchess.com INT"]
[Date "2020.04.15"]
[Round "9"]
[White "Fuerderer, Herbert"]
[Black "Lu, Yunong Elias"]
[Result "0-1"]
[WhiteElo "1561"]
[BlackElo "1647"]
[PlyCount "120"]
[EventDate "2020.04.15"]
[EventType "swiss (blitz)"]
[EventRounds "9"]
[EventCountry "GER"]
[SourceTitle "CBM 196 Extra"]
[Source "ChessBase"]
[SourceDate "2020.07.31"]
[SourceVersion "1"]
[SourceVersionDate "2020.07.31"]
[SourceQuality "1"]

1. e4 e5 2. Nf3 Nc6 3. d4 exd4 4. Bc4 Bc5 5. c3 Nf6 6. 0-0 Nxe4 7. Re1 d5 8. Bb5 0-0 9. Bxc6 bxc6 10. Nxd4 Bxd4 11. Qxd4 Qd6 12. Nd2 Nxd2 13. Bxd2 c5 14. Qe3 Bb7 15. Qe7 Qxe7 16. Rxe7 Rac8 17. Bf4 Rfe8 18. Rae1 Kf8 19. Rxe8+ Rxe8 20. Rxe8+ Kxe8 21. Bxc7 Kd7 22. Be5 g6 23. Bg3 a6 24. f3 Kc6 25. Kf2 Kb5 26. b3 c4 27. Ke3 a5 28. Kd4 a4 29. bxc4+ dxc4 30. Be1 Bc8 31. Bd2 Be6 32. Bc1 h5 33. Ba3 Bf5 34. g3 Bb1 35. f4 Bxa2 36. Ke5 Bb1 37. Kf6 Bd3 38. Kxf7 Kc6 39. Ke6 Bf5+ 40. Ke5 Kb6 41. Kd4 Bd3 42. h3 Be2 43. g4 hxg4 44. hxg4 Bxg4 45. Kxc4 Bd1 46. Kd4 Kb5 47. c4+ Kc6 48. c5 Bc2 49. Kc3 Bf5 50. Kd4 Be6 51. Ke5 Bf5 52. Kf6 Kb5 53. Ke5 Kc4 54. c6 Kb3 55. Bd6 a3 56. c7 a2 57. c8Q Bxc8 58. Kf6 a1Q+ 59. Kxg6 Be6 60. f5 Qb1 0-1

[Event "GER-ch Net Amateur Gr-B Vor2"]
[Site "Playchess.com INT"]
[Date "2020.04.15"]
[Round "5"]
[White "Keller, Gert"]
[Black "Fuerderer, Herbert"]
[Result "1-0"]
[WhiteElo "1772"]
[BlackElo "1578"]
[PlyCount "115"]
[EventDate "2020.04.15"]
[EventType "swiss (blitz)"]
[EventRounds "9"]
[EventCountry "GER"]
[SourceTitle "CBM 196 Extra"]
[Source "ChessBase"]
[SourceDate "2020.07.31"]
[SourceVersion "1"]
[SourceVersionDate "2020.07.31"]
[SourceQuality "1"]

1. d4 Nf6 2. Nf3 d5 3. e3 e6 4. Bd3 Nbd7 5. b3 c5 6. Bb2 b6 7. Nbd2 Bb7 8. 0-0 Rc8 9. Rc1 Be7 10. Ne5 Nxe5 11. dxe5 Nd7 12. f4 f6 13. Qh5+ g6 14. Bxg6+ Kf8 15. Qh6+ Kg8 16. Bd3 Qf8 17. Qh3 f5 18. Rf3 h6 19. Rg3+ Kh7 20. Nf3 Rg8 21. Rxg8 Qxg8 22. Bxf5+ exf5 23. Qxf5+ Qg6 24. Qxd7 Rg8 25. Qxe7+ Rg7 26. Ng5+ hxg5 27. Qxg5 Qxg5 28. fxg5 Rxg5 29. g3 Kg6 30. Rf1 Rf5 31. Rxf5 Kxf5 32. Kf2 b5 33. h3 c4 34. g4+ Ke6 35. h4 Bc8 36. c3 Bd7 37. g5 Be8 38. bxc4 bxc4 39. Ba3 Bh5 40. Bd6 a6 41. Kg3 Kf5 42. a3 Ke4 43. Bc5 Kxe5 44. Bd4+ Ke6 45. Kf4 a5 46. Bb6 a4 47. Bd4 Bg6 48. Bc5 Bh5 49. Bd4 Bg6 50. Kg4 Kd6 51. h5 Be4 52. Kf4 Ke6 53. g6 Ke7 54. Kg5 Kf8 55. h6 Kg8 56. Kf6 Kh8 57. Ke7+ Kg8 58. h7# 1-0

[Event "GER-ch Net Amateur Gr-B Vor1"]
[Site "Playchess.com INT"]
[Date "2020.04.14"]
[Round "5"]
[White "Fuerderer, Herbert"]
[Black "Hoppe, Frank"]
[Result "1/2-1/2"]
[WhiteElo "1656"]
[BlackElo "1822"]
[PlyCount "80"]
[EventDate "2020.04.14"]
[EventType "swiss (blitz)"]
[EventRounds "9"]
[EventCountry "GER"]
[SourceTitle "EXT 2021"]
[Source "ChessBase"]
[SourceDate "2020.10.23"]
[SourceVersion "1"]
[SourceVersionDate "2020.10.23"]
[SourceQuality "1"]

1. e4 c5 2. Nc3 Nc6 3. f4 g6 4. g3 Bg7 5. Bg2 e6 6. Nf3 a6 7. a3 Nge7 8. 0-0 0-0 9. Rb1 d5 10. e5 b5 11. Ne2 d4 12. d3 Rb8 13. c3 Nf5 14. cxd4 Nfxd4 15. Nfxd4 Nxd4 16. Be3 Bb7 17. Nxd4 cxd4 18. Bd2 Bxg2 19. Kxg2 Qd5+ 20. Qf3 Qb3 21. Bb4 Rfd8 22. Rf2 Bf8 23. Bxf8 Kxf8 24. Qd1 Qd5+ 25. Kh3 Rbc8 26. Rc2 h5 27. Rxc8 Rxc8 28. Rc1 Rd8 29. Qc2 Qf3 30. Qc5+ Kg8 31. Qc7 Rf8 32. Qe7 Qxd3 33. Qd7 Qd2 34. Rc8 Qxb2 35. Rxf8+ Kxf8 36. Qd8+ Kg7 37. Qf6+ Kg8 38. Qd8+ Kg7 39. Qf6+ Kg8 40. Qd8+ Kg7 1/2-1/2